000 00201nam a2200085Ia 4500
008 120527s9999 xx 000 0 und d
100 _aBRYANT,A.John.
245 _aDNA replication in plants.
942 _cBK
999 _c23897
_d23897